| 000 | 00494nam a2200181Ia 4500 | ||
|---|---|---|---|
| 001 | 67571 | ||
| 008 | 150604s9999 xx 000 0 und d | ||
| 020 | _a9781780674131 | ||
| 040 | _cPK-LaUMT | ||
| 082 |
_a 712 _bCHO-M |
||
| 100 | _aChoma, Joseph | ||
| 245 |
_aMorphing _ba guide to mathematical transformations for architects and designers _cChoma, Joseph |
||
| 260 |
_aLondon,UK: _bLaurence King Published, _c2015 |
||
| 300 | _a231 p. | ||
| 546 | _aEN | ||
| 650 | _aMorphing | ||
| 942 | _cBK | ||
| 999 |
_c72939 _d72939 |
||